000 01981nam0a2200397 4500
001 RU\NLR\bibl\1811846
005 20260405141015.0
010 _a978-5-91356-096-4
_91000
021 _aRU
_b2011-64706
_94553
035 _a(NLR Aleph) 001802451
090 _a1795668
_c1795668
100 _a20110922d2010 |||y0rusy50 ca
101 0 _arus
102 _aRU
105 _ay |||||||||
200 1 _aДиалектологический словарь ненецкого языка
_eоколо 3600 слов
_fС.И. Буркова, Н.Б. Кошкарева, Р.И. Лаптандер, Н.М. Янгасова
_gпод общ. ред. Н.Б. Кошкаревой
_gРос. акад. наук, Сиб. отд-ние, Ин-т филологии
210 _aЕкатеринбург
_cБаско
_d2010
215 _a351 с.
_d27
300 _aНа обороте тит. л. авт.: к.ф.н. С.И. Буркова, д.ф.н. Н.Б. Кошкарева, к.ф.н. Р.И. Лаптандер
320 _aБиблиогр.: с. 342-347
606 1 _aНенецкий язык
_xДиалектные словари
_92630279
_3RU\NLR\auth\661566839
606 1 _aНенецкий язык
_jСловари
_xТундровой диалект
_92318854
_3RU\NLR\auth\661387368
686 _aШ166.71-451
701 1 _aБуркова
_bС. И.
_4070
701 1 _4070
_8rus
_7ca
_aКошкарева
_bН. Б.
_gНаталья Борисовна
_3RU\NLR\auth\7757156
_940088
701 1 _aЛаптандер
_bР. И.
_gРоза Ивановна
_4070
701 1 _aЯнгасова
_bН. М.
_gНейко Максимовна
_4070
702 1 _4340
_8rus
_7ca
_aКошкарева
_bН. Б.
_gНаталья Борисовна
_3RU\NLR\auth\7757156
_940088
801 0 _aRU
_bNLR
_c20110922
_gRCR
801 1 _aRU
_bNLR
_c20110922
830 _aавт. раскрыты по кн.
852 _aNLR
_bОНЛ
_jНенец./4-28
942 _cBOOK
980 _aNB